Patonai úr és a kopaszok

Bibliographic Details
Main Author: Zalán, Tibor, 1954- (Author)
Format: Article
Language:Hungarian
PhysicalDescription:Fotogr.
ISSN:1335-7050
Subjects:

MARC

LEADER 00000nab a2200000 ar4500
001 vtls009296173
003 SK-MaSNL
005 20260303051602.0
008 080521c20080426xo |||||||| 000 b|hun
015 |a SNBRB2008/05  |2 snkbucl 
038 |a SNKBUCL 
040 |a DSZK  |b slo  |c DSZK  |e AACR2 
041 0 |a hun 
044 |a xo  |c SK 
080 |a 821.511.141-32=511.141  |2 1997 
100 1 |a Zalán, Tibor,  |d 1954-  |4 aut  |9 196456 
245 1 0 |a Patonai úr és a kopaszok  |c Zalán Tibor 
300 |b Fotogr. 
650 0 7 |a biografické prózy, maďarské  |2 snkbucl  |9 1041409 
773 0 |t Új szó  |g Évf. 61, sz. 98 (26.4.2008), o. 14  |x 1335-7050 
773 0 8 |i Mell.:  |t Szalon  |g Évf. 2, sz. 17 (2008) 
852 |a SNK  |b KIS3GCP 
852 |a DSZK  |b KIS3GCP 
958 |a HU 
958 |a LX 
999 |c 1712021  |d 1713951